My great-aunt Arizona / (Record no. 9068)

MARC details
000 -LEADER
fixed length control field 01369pam a2200397 a 4500
001 - CONTROL NUMBER
control field 9068
003 - CONTROL NUMBER IDENTIFIER
control field FISKH
005 - DATE AND TIME OF LATEST TRANSACTION
control field 20251118151216.0
008 - FIXED-LENGTH DATA ELEMENTS--GENERAL INFORMATION
fixed length control field 900727s1992 nyua j 000 0beng
010 ## - LIBRARY OF CONGRESS CONTROL NUMBER
LC control number 90044112
020 ## - INTERNATIONAL STANDARD BOOK NUMBER
International Standard Book Number 0060226064 :
020 ## - INTERNATIONAL STANDARD BOOK NUMBER
International Standard Book Number 9780064433747
020 ## - INTERNATIONAL STANDARD BOOK NUMBER
International Standard Book Number 0060226072
Qualifying information lib. bdg.
020 ## - INTERNATIONAL STANDARD BOOK NUMBER
International Standard Book Number 9780060226060
020 ## - INTERNATIONAL STANDARD BOOK NUMBER
International Standard Book Number 9780060226077
Qualifying information (lib. bdg.)
035 ## - SYSTEM CONTROL NUMBER
System control number 4835830
040 ## - CATALOGING SOURCE
Original cataloging agency DLC
Transcribing agency DLC
Modifying agency DLC
Language of cataloging eng
050 00 - LIBRARY OF CONGRESS CALL NUMBER
Classification number LA2317.H78
Item number H68 1992
082 00 - DEWEY DECIMAL CLASSIFICATION NUMBER
Classification number 371.1/0092
-- B
Edition number 20
100 1# - MAIN ENTRY--PERSONAL NAME
Personal name Houston, Gloria.
245 10 - TITLE STATEMENT
Title My great-aunt Arizona /
Statement of responsibility, etc. by Gloria Houston ; illustrated by Susan Condie Lamb.
260 ## - PUBLICATION, DISTRIBUTION, ETC.
Place of publication, distribution, etc. New York :
Name of publisher, distributor, etc. HarperCollinsPublishers,
Date of publication, distribution, etc. 1992.
300 ## - PHYSICAL DESCRIPTION
Extent 32 unnumbered pages :
Other physical details color illustrations ;
Dimensions 22 x 26 cm
505 ## - FORMATTED CONTENTS NOTE
Formatted contents note R<br/>
520 ## - SUMMARY, ETC.
Summary, etc. An Appalachian girl, Arizona Houston Hughes, grows up to become a teacher who influences generations of schoolchildren.
521 8# - TARGET AUDIENCE NOTE
Target audience note 660<br/>
Source Lexile<br/>
521 8# - TARGET AUDIENCE NOTE
Target audience note R <br/>
Source Raz-Plus<br/>
600 10 - SUBJECT ADDED ENTRY--PERSONAL NAME
Personal name Hughes, Arizona Houston,
Numeration 1876-1969
General subdivision Juvenile literature.
600 11 - SUBJECT ADDED ENTRY--PERSONAL NAME
Personal name Hughes, Arizona Houston,
Numeration 1876-1969.
650 #0 - SUBJECT ADDED ENTRY--TOPICAL TERM
Topical term or geographic name entry element Teachers
Geographic subdivision Appalachian Region
General subdivision Biography.
-- Juvenile literature.
650 #1 - SUBJECT ADDED ENTRY--TOPICAL TERM
Topical term or geographic name entry element Teachers.
700 1# - ADDED ENTRY--PERSONAL NAME
Personal name Lamb, Susan Condie,
Relator term illustrator
906 ## - LOCAL DATA ELEMENT F, LDF (RLIN)
a 7
b cbc
c orignew
d 1
e ocip
f 19
g y-gencatlg
942 ## - ADDED ENTRY ELEMENTS (KOHA)
Source of classification or shelving scheme Dewey Decimal Classification
Koha item type Books
Suppress in OPAC No
Holdings
Withdrawn status Lost status Source of classification or shelving scheme Damaged status Not for loan Collection Home library Current library Shelving location Date acquired Total Checkouts Full call number Barcode Date last seen Copy number Price effective from Koha item type
    Dewey Decimal Classification     Juvenile Fiction Footprints International School Library Network Toul Tom Poung Campus Footprints International School Library Network Toul Tom Poung Campus TTP Primary Orange Bookshelves 11/18/2025   HOU 371.10092 LA2317.H78 H68 FISTK01667 11/18/2025 1 11/18/2025 Books